¿Por qué siendo tan frecuentes las otitis medias supuradas son tan raras las mastoiditis? (Record no. 54452)

MARC details
000 -LEADER
campo de control de longitud fija 00898nam a22001815i 4500
001 - NÚMERO DE CONTROL
campo de control 54452
003 - IDENTIFICADOR DE NÚMERO DE CONTROL
campo de control ES-MaACL
007 - CAMPO FIJO DE DESCRIPCIÓN FÍSICA--INFORMACIÓN GENERAL
campo de control de longitud fija t|
008 - DATOS DE LONGITUD FIJA--INFORMACIÓN GENERAL
campo de control de longitud fija 960721s1897 sp ||||1| spa d
040 ## - FUENTE DE CATALOGACIÓN
Centro catalogador/agencia de origen CAM
Lengua de catalogación spa
Centro/agencia transcriptor CAM
100 1# - ENTRADA PRINCIPAL--NOMBRE DE PERSONA
Nombre de persona Forns, Rafael María.
9 (RLIN) 51796
245 10 - MENCIÓN DEL TÍTULO
Título ¿Por qué siendo tan frecuentes las otitis medias supuradas son tan raras las mastoiditis?
Resto del título : explicación de este fenómeno por descubrimientos anatómicos personales /
Mención de responsabilidad, etc. discurso pronunciado el 22 de noviembre ante la Sección de Oto-rinología por el doctor Forns.
260 ## - PUBLICACIÓN, DISTRIBUCIÓN, ETC.
Lugar de publicación, distribución, etc. Madrid :
Nombre del editor, distribuidor, etc. Establecimiento tipográfico de A. Avrial,
Fecha de publicación, distribución, etc. 1897.
300 ## - DESCRIPCIÓN FÍSICA
Extensión 6 p. ;
Dimensiones 23 cm.
500 ## - NOTA GENERAL
Nota general Precede al título: Primer Congreso Español de Oto-rino-laringología, celebrado en Madrid el mes de noviembre de 1896.
711 2# - ENTRADA AGREGADA--NOMBRE DE REUNIÓN
Nombre de congreso/reunión o jurisdicción como elemento de entrada Congreso Español de Otorrinolaringología (
Número del congreso/reunión o número de parte o sección 1º.
Fecha del congreso o de la firma del tratado 1896.
Sede del congreso/Lugar de la reunión Madrid)
9 (RLIN) 356
852 ## - LOCALIZACIÓN
Ubicación ES-MaACL
Número de control de estantería T-929-F-7
Holdings
Estatus retirado Estado de pérdida Estado de daño No para préstamo Colección Biblioteca de origen Biblioteca actual Ubicación en estantería Fecha de adquisición Fuente de adquisición Total de préstamos Signatura topográfica completa Código de barras Visto por última vez Precio de reemplazo Tipo de ítem Koha
        Colección de folletos Biblioteca del Ateneo de Madrid Biblioteca del Ateneo de Madrid Depósito folletos 17/01/2008     T-929-F-7 1057219 23/02/2023 23/02/2023 Folleto